000 01703nam a2200373 a 4500
003 BLK
005 20231030094320.0
008 180408b bul|||||r ||||||| ||bul||
010 _aKNG00066051000
040 _aBLK
041 _aFRE
_cFRE
080 _aИстория. Вж и (091) ; (093)
_b93/99
_z93/99
100 _91299
_aWeber, Georges
_eпърви автор
139 _aWeber, Georges
245 1 0 _aHistoire universelle
_bT. 1 -
_nT. 10
_cGeoges Weber
_pHistoire contemporaine 1830 - 1872
257 _aFRA
260 _bC. Marpon et E. Flammarion
_c1883
_9435928
_aParis
300 _c17 см
380 _a9
490 _9435080
_aКолекция Редки и ценни издания
490 _9435931
_aЛична библиотека на Захари Стоянов
_v61
500 _aДатирано: 27.ІV. 936 № 201.
650 4 _aСвят - история
_9269230
653 _aсветовна история
760 1 _d1883
_h306 с.
_oT. 10
852 _aРф 883 ЗСт
_bРц
856 4 _qjpg
_fСъдържание
_lreg users access
_uhttp://185.138.176.146:18082/cgi-bin/koha/opac-retrieve-file.pl?id=d2d61fa76c2b1750d68c50c2b1a01998
_xpicjpg
_zСъдържание 1
856 4 _qjpg
_fСъдържание
_lreg users access
_uhttp://185.138.176.146:18082/cgi-bin/koha/opac-retrieve-file.pl?id=3d8d7dfdefce5ac193e9573b90458ce1
_xpicjpg
_zСъдържание 2
856 4 _qjpg
_lreg users access
_uhttp://185.138.176.146:18082/cgi-bin/koha/opac-retrieve-file.pl?id=b580e56c5fc75de877e7fd39dcb2345e
_xpicjpg
_zСъдържание 3
942 _cKNG
_n0
_s1
_01
944 _aCR
_c2020-11-05
_k30542
_lРусанова Ирена
944 _aED
_c03.12.2005
999 _c391293
_d391293
999 _d391293